[Event "World Open"]
[Site "Philadelphia"]
[Date "2011.07.04"]
[Round "8"]
[White "Harikrishna, Pendyala"]
[Black "Adams, Michael"]
[Result "1/2-1/2"]
[WhiteElo "2666"]
[BlackElo "2726"]
[PlyCount "75"]
[EventDate "2011.06.??"]
[EventRounds "9"]
[EventCountry "USA"]
[Source "MonRoi"]

1. d4 Nf6 2. c4 e6 3. g3 d5 4. Bg2 Bb4+ 5. Bd2 Be7 6. cxd5 exd5 7. Nc3 O-O 8.
e3 a5 9. Nge2 Na6 10. O-O Re8 11. Qc2 Bf8 12. Rad1 g6 13. f3 c5 14. a3 Bd7 15.
Bc1 Rc8 16. dxc5 Nxc5 17. Nf4 Na4 18. Nfxd5 Nxd5 19. Rxd5 Nxc3 20. bxc3 Qc7 21.
Rfd1 Be6 22. R5d3 Bg7 23. e4 Bxc3 24. Qb1 Qc5+ 25. Be3 Qxa3 26. Qxb7 Bc4 27.
Rd7 Qb3 28. Rb1 Qxb7 29. Rbxb7 Be6 30. Rdc7 Rxc7 31. Rxc7 Rc8 32. Ra7 Bb4 33.
Bf1 Bc5 34. Bxc5 Rxc5 35. Kf2 Rc2+ 36. Ke3 Ra2 37. Bb5 Rxh2 38. Rxa5 1/2-1/2

[Event "Turkish League"]
[Site "Konya"]
[Date "2011.06.29"]
[Round "2"]
[White "Kulaots, Kaido"]
[Black "Eljanov, Pavel"]
[Result "0-1"]
[WhiteElo "2607"]
[BlackElo "2712"]
[PlyCount "98"]
[EventDate "2011.??.??"]

1. d4 Nf6 2. c4 e6 3. Nc3 Bb4 4. Qc2 O-O 5. a3 Bxc3+ 6. Qxc3 d6 7. g3 Bd7 8.
Bg2 Bc6 9. Nf3 Nbd7 10. O-O Be4 11. b3 Qe7 12. a4 a5 13. Re1 b6 14. Bh3 c5 15.
Nd2 Bb7 16. e4 cxd4 17. Qxd4 Nc5 18. f3 Nfd7 19. Bb2 Ne5 20. Re3 f6 21. Qc3 Qf7
22. Qc2 Rad8 23. Rf1 Nc6 24. Bc3 f5 25. exf5 exf5 26. Rfe1 f4 27. R3e2 d5 28.
Bb2 d4 29. Qb1 Kh8 30. g4 d3 31. Rf2 Nb4 32. Re5 Nc2 33. Rg5 Ne6 34. Rf5 Qe7
35. Rxf8+ Rxf8 36. Bf1 Nc5 37. Bc3 Qe3 38. Qb2 Rf7 39. Be5 h6 40. Bc3 Ne6 41.
Bg2 Ned4 42. Bxd4 Nxd4 43. b4 Re7 44. bxa5 bxa5 45. Bh1 Kh7 46. Kg2 Bc6 47. Qc3
Rb7 48. Kf1 Rb4 49. Qa3 Nc2 0-1

[Event "Turkish League"]
[Site "Konya"]
[Date "2011.07.01"]
[Round "4"]
[White "Savchenko, Boris"]
[Black "Eljanov, Pavel"]
[Result "1/2-1/2"]
[WhiteElo "2630"]
[BlackElo "2712"]
[PlyCount "112"]
[EventDate "2011.??.??"]

1. Nf3 d5 2. c4 d4 3. g3 Nc6 4. Bg2 e5 5. O-O Nf6 6. d3 Bd6 7. e3 O-O 8. exd4
Nxd4 9. Nbd2 Nc6 10. a3 Bf5 11. Qc2 Bc5 12. Ne4 Bxe4 13. dxe4 a5 14. Be3 Qe7
15. Rad1 Bxe3 16. fxe3 Qc5 17. Rfe1 Rad8 18. Nd2 Ng4 19. Nf3 Ra8 20. Nd2 Rad8
21. Nb3 Qa7 22. c5 a4 23. Nc1 Rxd1 24. Qxd1 Qa5 25. Kf1 Rd8 26. h3 h5 27. Nd3
Nf6 28. Qc2 Qb5 29. Rd1 Na5 30. Kf2 Nc4 31. Bf3 b6 32. c6 Nd6 33. Nb4 Ndxe4+
34. Kg2 Rxd1 35. Bxd1 Qc5 36. Qd3 Nd6 37. Bxa4 e4 38. Qd4 Qc1 39. Qc3 Qxc3 40.
bxc3 Kf8 41. Na6 Nd5 42. Bb3 Nxe3+ 43. Kf2 Nec4 44. Nxc7 Ke7 45. Nb5 Nxb5 46.
Bxc4 Nd6 47. Bd5 g5 48. a4 f5 49. Ke3 h4 50. gxh4 f4+ 51. Kd4 f3 52. Ke3 gxh4
53. Kf2 Kd8 54. Ke1 Kc7 55. Kf2 Kd8 56. Ke1 Kc7 1/2-1/2

[Event "Prva liga Srbije 2011"]
[Site "Valjevo"]
[Date "2011.08.28"]
[Round "2"]
[White "Rublevsky, Sergei"]
[Black "Blagojevic, Dragisa"]
[Result "1-0"]
[WhiteElo "2684"]
[BlackElo "2516"]
[PlyCount "55"]
[EventDate "2011.??.??"]
[Source "Perpetual Check"]

1. e4 e5 2. Nf3 Nc6 3. Nc3 Nf6 4. Bb5 Bb4 5. O-O O-O 6. d3 d6 7. Bg5 Bxc3 8.
bxc3 h6 9. Bh4 Bd7 10. Rb1 a6 11. Ba4 Rb8 12. Bb3 Qe7 13. Re1 Na5 14. d4 Rbd8
15. h3 g5 16. Nxg5 hxg5 17. Bxg5 Kh7 18. Qf3 Kg7 19. Qg3 Rg8 20. Bxf6+ Kxf6 21.
Qh4+ Rg5 22. f4 exf4 23. Qh6+ Rg6 24. e5+ dxe5 25. Qh4+ Rg5 26. Rxe5 Rdg8 27.
Qxf4+ Bf5 28. Rxe7 1-0

[Event "39th Greek Team Championship"]
[Site "Eretria"]
[Date "2011.07.04"]
[Round "3"]
[White "Naiditsch, Arkadij"]
[Black "Rapport, Richard"]
[Result "1-0"]
[WhiteElo "2706"]
[BlackElo "2545"]
[PlyCount "155"]
[EventDate "2011.07.03"]

1. e4 e5 2. Nf3 Nc6 3. Bb5 Nd4 4. Nxd4 exd4 5. O-O Bc5 6. b4 Bb6 7. Na3 a6 8.
Bd3 Ne7 9. e5 O-O 10. Nc4 Ba7 11. a4 d5 12. exd6 cxd6 13. Ba3 Be6 14. b5 Bc5
15. Bxc5 dxc5 16. Qh5 Ng6 17. g3 axb5 18. axb5 Rxa1 19. Rxa1 Qc7 20. f4 Re8 21.
Qf3 Qd7 22. Ra7 Qxb5 23. Qxb7 Qxb7 24. Rxb7 Kf8 25. Rb5 Bxc4 26. Bxc4 Rc8 27.
Rb7 Ne7 28. f5 Rc6 29. Kg2 g6 30. fxg6 hxg6 31. h4 g5 32. Bb5 Re6 33. h5 Kg7
34. Kh3 Ng8 35. Rc7 Re5 36. g4 Nh6 37. Bd3 Kf8 38. Kg3 Kg8 39. Kf3 Kg7 40. Rc6
Ng8 41. c4 dxc3 42. dxc3 Nh6 43. c4 Ng8 44. Be4 Nh6 45. Bd5 f5 46. Rc7+ Kh8 47.
gxf5 g4+ 48. Kg3 Rxf5 49. Kh4 g3 50. Rxc5 g2 51. Rc8+ Kg7 52. Bxg2 Rf4+ 53. Kg3
Rg4+ 54. Kf2 Nf5 55. c5 Rc4 56. Bd5 Rd4 57. Bf3 Rc4 58. c6 Kh6 59. Rh8+ Kg7 60.
Rg8+ Kh7 61. Rf8 Nd4 62. Rf7+ Kh8 63. Rf6 Kg7 64. Rg6+ Kh7 65. Be4 Nxc6 66.
Bxc6 Rc2+ 67. Kg3 Rc5 68. Bf3 Rb5 69. Kf4 Rc5 70. Rd6 Rc8 71. Be4+ Kg7 72. Kg5
Kh8 73. Kh6 Rg8 74. Bh7 Re8 75. Rd7 Rf8 76. Bg6 Kg8 77. Rg7+ Kh8 78. Bf7 1-0

[Event "39th Greek Team Championship"]
[Site "Eretria"]
[Date "2011.07.04"]
[Round "3"]
[White "Navara, David"]
[Black "Mouroutis, Konstantinos"]
[Result "1-0"]
[WhiteElo "2722"]
[BlackElo "2257"]
[PlyCount "67"]
[EventDate "2011.07.03"]

1. d4 Nf6 2. c4 e6 3. Nc3 d5 4. cxd5 exd5 5. Bg5 Be7 6. e3 O-O 7. Bd3 h6 8. Bh4
c6 9. Qc2 Re8 10. Nge2 Nbd7 11. Bg3 Nf8 12. h3 a6 13. O-O Bd6 14. Bxd6 Qxd6 15.
Rab1 Bd7 16. Na4 Ne4 17. b4 Qc7 18. Bxe4 dxe4 19. Nc5 f5 20. Nf4 Kh7 21. f3 b6
22. Nb3 g6 23. fxe4 Rxe4 24. Nd5 Qd8 25. Nf6+ Qxf6 26. Qxe4 Re8 27. Qd3 c5 28.
dxc5 Bb5 29. Qd4 Qxd4 30. exd4 Bxf1 31. Kxf1 bxc5 32. bxc5 Kg7 33. d5 Kf7 34.
c6 1-0

[Event "39th Greek Team Championship"]
[Site "Eretria"]
[Date "2011.07.05"]
[Round "4"]
[White "Koliopoulos, Konstantinos"]
[Black "Naiditsch, Arkadij"]
[Result "0-1"]
[WhiteElo "2262"]
[BlackElo "2706"]
[PlyCount "118"]
[EventDate "2011.07.03"]

1. Nf3 Nf6 2. c4 e6 3. g3 d5 4. d4 dxc4 5. Bg2 Nc6 6. Qa4 Nd7 7. Qxc4 Nb6 8.
Qd3 e5 9. Nxe5 Nb4 10. Qc3 Qxd4 11. O-O Qxc3 12. Nxc3 Bd6 13. Nf3 c6 14. a3 Na6
15. Rd1 Be7 16. Bf4 Nc5 17. b4 Ne6 18. Bd6 Nc4 19. Bxe7 Kxe7 20. Nd2 Nxd2 21.
Rxd2 Rd8 22. Rad1 Rxd2 23. Rxd2 Bd7 24. f4 Be8 25. Kf2 a5 26. Rb2 axb4 27. axb4
Ra3 28. Nb1 Ra7 29. Nc3 Ra3 30. Nb1 Ra1 31. e4 Nc7 32. e5 Nb5 33. Ke3 Bd7 34.
Be4 g6 35. Bd3 Nc7 36. Nc3 Be6 37. Kd4 b6 38. Be4 Kd7 39. Ke3 Ra3 40. Kd2 h5
41. Nb1 Ra1 42. Ke3 Nb5 43. Rd2+ Kc7 44. Rb2 Kb7 45. Bd3 Nc7 46. Be4 b5 47. Nd2
Kb6 48. Rc2 Bd5 49. Rb2 Ra4 50. Bc2 Ra3+ 51. Ke2 Ne6 52. Kf2 Nd4 53. Bd1 c5 54.
bxc5+ Kxc5 55. Nb1 Rd3 56. Rd2 Kc4 57. Rxd3 Kxd3 58. g4 hxg4 59. Bxg4 Ba2 0-1

[Event "39th Greek Team Championship"]
[Site "Eretria"]
[Date "2011.07.05"]
[Round "4"]
[White "Kritz, Leonid"]
[Black "Navara, David"]
[Result "1/2-1/2"]
[WhiteElo "2615"]
[BlackElo "2722"]
[PlyCount "98"]
[EventDate "2011.07.03"]

1. e4 c5 2. Nf3 e6 3. Nc3 Nc6 4. d4 cxd4 5. Nxd4 Qc7 6. Be3 a6 7. Qd2 Nf6 8.
O-O-O Be7 9. f3 O-O 10. g4 b5 11. g5 Nh5 12. Nb3 Ne5 13. Qf2 Rb8 14. Rg1 Nc4
15. Ba7 Rb7 16. Bc5 d6 17. Bd4 b4 18. Nb1 e5 19. Bxc4 Qxc4 20. Be3 Qc7 21. N1d2
a5 22. Kb1 a4 23. Nc1 Be6 24. Nf1 Rc8 25. b3 axb3 26. cxb3 d5 27. Qb2 Qc6 28.
Nd3 Rbc7 29. Nxe5 Qa8 30. Rg2 dxe4 31. f4 Bc5 32. Rf2 Qa7 33. Bxc5 Rxc5 34. f5
Rxe5 35. Rc2 Rec5 36. fxe6 fxe6 37. Qd4 Nf4 38. Rxc5 Qxc5 39. Qxe4 Qxg5 40. Ne3
Qf6 41. Rf1 e5 42. Nd5 Qd6 43. Rxf4 exf4 44. Ne7+ Kf8 45. Nxc8 Qd1+ 46. Kb2
Qd2+ 47. Kb1 Qd1+ 48. Kb2 Qd2+ 49. Kb1 Qd1+ 1/2-1/2

[Event "39th Greek Team Championship"]
[Site "Eretria"]
[Date "2011.07.05"]
[Round "4"]
[White "Polgar, Judit"]
[Black "Zawadzka, Jolanta"]
[Result "1/2-1/2"]
[WhiteElo "2699"]
[BlackElo "2405"]
[PlyCount "69"]
[EventDate "2011.07.03"]

1. e4 e5 2. Nf3 Nc6 3. Bb5 Nf6 4. d3 d6 5. O-O g6 6. d4 Bd7 7. Nc3 Bg7 8. dxe5
Nxe5 9. Bg5 Bxb5 10. Nxb5 Qd7 11. Nc3 h6 12. Bxf6 Bxf6 13. Nd5 Bg7 14. c3 c6
15. Ne3 Nxf3+ 16. Qxf3 O-O 17. Qf4 Qe6 18. Rfe1 Rad8 19. Nc2 Rfe8 20. Qe3 a6
21. Nd4 Qc4 22. Nb3 Rd7 23. Qd2 Rde7 24. Qxd6 Rxe4 25. Rxe4 Qxe4 26. Qd2 Qc4
27. Re1 Rxe1+ 28. Qxe1 a5 29. Nc1 b5 30. Qe2 Qf4 31. Nd3 Qc4 32. a3 Kh7 33. Qf3
c5 34. g3 b4 35. axb4 1/2-1/2

[Event "39th Greek Team Championship"]
[Site "Eretria"]
[Date "2011.07.06"]
[Round "5"]
[White "Ivanchuk, Vassily"]
[Black "Papaioannou, Vassily"]
[Result "1/2-1/2"]
[WhiteElo "2768"]
[BlackElo "2592"]
[PlyCount "195"]
[EventDate "2011.??.??"]
[TimeControl "5400"]

1. d4 Nf6 2. c4 e6 3. Nf3 Bb4+ 4. Bd2 Qe7 5. g3 Nc6 6. Nc3 O-O 7. Bg2 Bxc3 8.
Bxc3 Ne4 9. Rc1 d6 10. d5 Nd8 11. O-O f5 12. dxe6 Nxe6 13. Nd4 N6g5 14. f4 Nf7
15. Bxe4 Qxe4 16. Nb5 Bd7 17. Qd3 Qxd3 18. exd3 c6 19. Na3 Rfe8 20. Kf2 Re7 21.
Rfe1 Rxe1 22. Kxe1 Nd8 23. Kd2 Kf7 24. Nc2 Ne6 25. b4 b6 26. Ne3 g6 27. Rb1 c5
28. b5 Bc8 29. a4 Bb7 30. a5 bxa5 31. Bxa5 Nd4 32. h3 h5 33. Bc3 Ne6 34. Ke2
Ke7 35. Kf2 Kd7 36. Rb2 h4 37. Ra2 a6 38. bxa6 Rxa6 39. Rxa6 Bxa6 40. Ng2 hxg3+
41. Kxg3 Ke7 42. Ne3 Bb7 43. h4 Kf7 44. h5 Bc6 45. h6 Kg8 46. Bf6 Kh7 47. Bg5
Nc7 48. Kf2 d5 49. Ke2 dxc4 50. dxc4 Ne8 51. Nd5 Nd6 52. Kd3 Ba4 53. Kc3 Ne4+
54. Kb2 Nd6 55. Kc3 Ne4+ 56. Kd3 Nf2+ 57. Kd2 Ne4+ 58. Ke3 Nd6 59. Kd3 Ne4 60.
Nc7 Bd7 61. Nb5 Be6 62. Na3 Nf2+ 63. Kc3 Ng4 64. Nc2 Nxh6 65. Be7 Ng4 66. Bxc5
g5 67. fxg5 Kg6 68. Be7 Bxc4 69. Kxc4 Ne5+ 70. Kd5 Nf3 71. Nd4 Nxg5 72. Ke5
Nf7+ 73. Kf4 Nh6 74. Bf8 Ng4 75. Nxf5 Nf6 76. Bc5 Kf7 77. Nd4 Kg6 78. Nf3 Nd5+
79. Ke5 Nf6 80. Ke6 Ng4 81. Bd4 Nh6 82. Be3 Kh5 83. Bd2 Kg6 84. Ne5+ Kh5 85.
Nd3 Kg6 86. Nf4+ Kg5 87. Nd5+ Kg6 88. Ne7+ Kh5 89. Kf6 Ng4+ 90. Kf5 Nh6+ 91.
Kf4 Ng4 92. Nc6 Nh6 93. Ne5 Ng8 94. Bb4 Nh6 95. Be7 Ng8 96. Bg5 Nh6 97. Bd8 Ng8
98. Ke4 1/2-1/2

[Event "39th Greek Team Championship"]
[Site "Eretria"]
[Date "2011.07.06"]
[Round "5"]
[White "Navara, David"]
[Black "Rapport, Richard"]
[Result "1-0"]
[WhiteElo "2722"]
[BlackElo "2545"]
[PlyCount "67"]
[EventDate "2011.??.??"]
[TimeControl "5400"]

1. e4 e5 2. Nf3 Nc6 3. Bb5 a6 4. Ba4 Nf6 5. O-O Be7 6. Re1 b5 7. Bb3 d6 8. c3
O-O 9. h3 Na5 10. Bc2 c5 11. d4 Qc7 12. Nbd2 Nc6 13. d5 Nd8 14. a4 Rb8 15. Nf1
Ne8 16. axb5 axb5 17. b4 g6 18. Be3 c4 19. Ra7 Rb7 20. Rxb7 Nxb7 21. Qe2 f5 22.
Bh6 Rf7 23. exf5 gxf5 24. Ng5 Bxg5 25. Bxg5 Rg7 26. f4 Qf7 27. Ne3 Nc7 28. Ra1
Rg6 29. h4 exf4 30. Bxf4 Qf6 31. Rf1 Rg7 32. Bg5 Qe5 33. Bxf5 Bxf5 34. Nxf5 1-0

[Event "39th Greek Team Championship"]
[Site "Eretria"]
[Date "2011.07.06"]
[Round "5"]
[White "Naiditsch, Arkadij"]
[Black "Mouroutis, Konstantinos"]
[Result "1-0"]
[WhiteElo "2706"]
[BlackElo "2257"]
[PlyCount "67"]
[EventDate "2011.??.??"]

1. e4 c5 2. Nf3 Nc6 3. Bb5 g6 4. Bxc6 dxc6 5. d3 Bg7 6. h3 Nh6 7. Nc3 f6 8. Be3
b6 9. a4 e5 10. a5 Be6 11. Na4 O-O 12. O-O Rb8 13. c3 Qc7 14. axb6 axb6 15. d4
cxd4 16. cxd4 Nf7 17. Qc2 Rfc8 18. Rfc1 Qd8 19. Rd1 Qc7 20. Rac1 Bf8 21. Rd3
Bd7 22. dxe5 fxe5 23. Nxb6 Rd8 24. Nxd7 Rxd7 25. Rc3 Qb7 26. Rxc6 Qxb2 27. Qc4
Re8 28. Rb6 Qa3 29. Ng5 Qd3 30. Qa4 Nxg5 31. Bxg5 Bg7 32. Rb7 Rxb7 33. Qxe8+
Bf8 34. Qe6+ 1-0

[Event "World Open (Armageddon)"]
[Site "?"]
[Date "2011.07.04"]
[Round "1"]
[White "Kamsky, Gata"]
[Black "Adams, Michael"]
[Result "1-0"]
[WhiteElo "2732"]
[BlackElo "2726"]
[PlyCount "95"]
[EventDate "2011.07.06"]
[SourceDate "2011.07.07"]

1. d4 Nf6 2. Nf3 e6 3. Bf4 b6 4. e3 Bb7 5. h3 c5 6. c3 cxd4 7. cxd4 Be7 8. Nc3
O-O 9. Bd3 d5 10. O-O a6 11. Rc1 Nc6 12. Qe2 b5 13. a4 bxa4 14. Nxa4 Nb4 15.
Bc7 Qe8 16. Nb6 Nxd3 17. Qxd3 Ra7 18. Ne5 a5 19. Rfd1 Bb4 20. Qc2 Qb5 21. Nd3
Be7 22. Na4 Rc8 23. Nc3 Qe8 24. Bb6 Raa8 25. Ra1 Bd8 26. Bxd8 Qxd8 27. Nc5 Bc6
28. Ra3 Nd7 29. Nd3 h6 30. Rda1 Bb7 31. Qd2 Nb6 32. b3 Nd7 33. Na4 Ba6 34. Ndc5
Bb5 35. Nxd7 Bxd7 36. Nc5 Bb5 37. Rxa5 Rxa5 38. Rxa5 Rb8 39. Ra7 Qb6 40. Qa2 g6
41. Ra8 Kg7 42. Rxb8 Qxb8 43. Qa5 h5 44. h4 Be2 45. b4 Bc4 46. Nd7 Qd6 47. Ne5
Qe7 48. b5 1-0

[Event "Turkish League"]
[Site "?"]
[Date "2011.07.07"]
[Round "11"]
[White "Eljanov, Pavel"]
[Black "Solak, Dragan"]
[Result "1/2-1/2"]
[WhiteElo "2712"]
[BlackElo "2588"]
[PlyCount "144"]
[EventDate "2011.07.06"]
[SourceDate "2011.07.08"]

1. d4 d5 2. c4 c6 3. Nf3 Nf6 4. Nc3 dxc4 5. a4 Bf5 6. e3 e6 7. Bxc4 Nbd7 8. O-O
Bb4 9. Qe2 Bg4 10. h3 Bxf3 11. Qxf3 O-O 12. Rd1 e5 13. d5 Bxc3 14. dxc6 e4 15.
Qe2 Be5 16. cxd7 Qe7 17. Ba2 Nxd7 18. Bd2 Nf6 19. Qb5 a6 20. Qb6 Bc7 21. Bb4
Qe5 22. Bd6 Bxd6 23. Rxd6 Rac8 24. Rad1 Qe7 25. R6d4 h6 26. Bc4 Rc7 27. b3 Rfc8
28. Qa5 Rd7 29. Rxd7 Nxd7 30. Rd4 Nf6 31. Qd2 Rc7 32. Rd8+ Kh7 33. Qd6 Qxd6 34.
Rxd6 Kg6 35. Kf1 h5 36. h4 Kf5 37. f3 g5 38. hxg5 Kxg5 39. Ke2 h4 40. f4+ Kf5
41. Kd2 Kg6 42. Rd8 Kf5 43. Be2 Rc6 44. Rh8 Rd6+ 45. Ke1 Nd5 46. Rh5+ Kg6 47.
Kf2 Nc3 48. Rc5 Nxe2 49. Kxe2 f5 50. b4 Rb6 51. b5 axb5 52. a5 Rd6 53. Rxb5 Rd7
54. Kf2 Rd2+ 55. Kg1 Rd3 56. Rb6+ Kh5 57. Rxb7 Rxe3 58. Rg7 h3 59. gxh3 Ra3 60.
Rg5+ Kh4 61. a6 Rxa6 62. Kf2 Ra5 63. Ke3 Kxh3 64. Ke2 Kh4 65. Ke3 Kh3 66. Ke2
Ra2+ 67. Ke3 Ra3+ 68. Ke2 Rf3 69. Rxf5 Kg4 70. Rf8 Rxf4 71. Rxf4+ Kxf4 72. Kf2
Ke5 1/2-1/2

[Event "39th Greek Team Championship"]
[Site "Eretria GRE"]
[Date "2011.07.07"]
[Round "6"]
[White "Navara, David"]
[Black "Ivanchuk, Vassily"]
[Result "1-0"]
[WhiteElo "2722"]
[BlackElo "2768"]
[PlyCount "75"]
[EventDate "2011.??.??"]

1. d4 Nf6 2. c4 e6 3. Nf3 d5 4. Nc3 c6 5. Bg5 Nbd7 6. cxd5 exd5 7. e3 Be7 8.
Bd3 O-O 9. Qc2 Re8 10. O-O Nf8 11. h3 a6 12. Bf4 Ng6 13. Bh2 Bd6 14. Bxd6 Qxd6
15. Rab1 Qe7 16. b4 Ne4 17. Bxe4 dxe4 18. Nd2 Bf5 19. Ne2 Qe6 20. Ng3 Nh4 21.
Kh2 Rad8 22. Qb3 Rd5 23. Rbc1 Nxg2 24. Nxf5 Qxf5 25. Kxg2 Re6 26. Rh1 Rf6 27.
Rh2 Qxf2+ 28. Kh1 Qf5 29. Qb1 Re6 30. Rg1 a5 31. bxa5 Rb5 32. Qe1 Rxa5 33. Qg3
g6 34. Rf1 Qg5 35. Qb8+ Kg7 36. Qxb7 Re7 37. Qxc6 Rxa2 38. h4 1-0

[Event "39th Greek Team Championship"]
[Site "?"]
[Date "2011.07.07"]
[Round "6"]
[White "Hammer, Jon Ludvig"]
[Black "Naiditsch, Arkadij"]
[Result "1/2-1/2"]
[WhiteElo "2610"]
[BlackElo "2706"]
[PlyCount "102"]
[EventDate "2011.07.06"]
[SourceDate "2011.07.08"]

1. d4 Nf6 2. c4 e6 3. Nc3 Bb4 4. f3 c5 5. d5 O-O 6. e4 Re8 7. Nge2 d6 8. Ng3 b5
9. dxe6 Bxe6 10. cxb5 d5 11. Bd2 Nbd7 12. exd5 Nxd5 13. Be2 N7b6 14. O-O Qf6
15. Qc1 Qd4+ 16. Kh1 Na4 17. Nge4 f5 18. Nxa4 fxe4 19. Bxb4 cxb4 20. fxe4 Ne3
21. Rf3 Ng4 22. Qg1 Qd2 23. Qe1 Qc2 24. Bd1 Qc7 25. Rg3 Nf6 26. Re3 Rad8 27.
Bf3 Qc4 28. Rc1 Qxb5 29. b3 Rc8 30. h3 Rxc1 31. Qxc1 Rc8 32. Qd2 h5 33. Re1 Qe5
34. Qxb4 g5 35. Kg1 g4 36. hxg4 hxg4 37. Be2 Rc2 38. Bd3 a5 39. Qe7 Rc7 40.
Qd8+ Kg7 41. Be2 Kg6 42. Rf1 Rh7 43. Bd3 Nd7 44. Kf2 Rh2 45. Qe8+ Kg7 46. Qe7+
Kg6 47. Qe8+ Kh6 48. Ke3 Qg3+ 49. Kd4 Qe5+ 50. Ke3 Qg3+ 51. Kd4 Qe5+ 1/2-1/2

[Event "Turkish League"]
[Site "Konya"]
[Date "2011.07.08"]
[Round "12"]
[White "Spasov, Vasil"]
[Black "Eljanov, Pavel"]
[Result "1/2-1/2"]
[WhiteElo "2594"]
[BlackElo "2712"]
[PlyCount "22"]
[EventDate "2011.??.??"]

1. e4 e5 2. Nf3 Nc6 3. Bc4 Bc5 4. O-O Nf6 5. d3 d6 6. c3 O-O 7. Bb3 h6 8. Nbd2
a6 9. Nc4 Ba7 10. Re1 Be6 11. Be3 Bxe3 1/2-1/2

[Event "39th Greek Team Championship"]
[Site "?"]
[Date "2011.07.08"]
[Round "7"]
[White "Rapport, Richard"]
[Black "Ivanchuk, Vassily"]
[Result "0-1"]
[WhiteElo "2545"]
[BlackElo "2768"]
[PlyCount "54"]
[EventDate "2011.07.06"]
[SourceDate "2011.07.09"]

1. d4 Nf6 2. c4 e6 3. Nc3 Bb4 4. e3 c5 5. Nge2 cxd4 6. exd4 d5 7. a3 Be7 8. Nf4
dxc4 9. Bxc4 O-O 10. O-O Nc6 11. Be3 Bd6 12. Nh5 Nd5 13. Bd3 Nxe3 14. fxe3 f5
15. Ng3 Kh8 16. Bc2 Qh4 17. Qf3 Bd7 18. Nce2 Rae8 19. Rad1 Na5 20. Bd3 Ba4 21.
Rde1 Bd7 22. Rc1 Nc6 23. Bb1 e5 24. Nxf5 Bxf5 25. Bxf5 exd4 26. Qh3 Qxh3 27.
Bxh3 Rxe3 {"Baku  Open  A"]} 0-1

[Event "39th Greek Team Championship"]
[Site "Eretria"]
[Date "2011.07.08"]
[Round "7"]
[White "Bologan, Viktor"]
[Black "Navara, David"]
[Result "1-0"]
[WhiteElo "2678"]
[BlackElo "2722"]
[PlyCount "113"]
[EventDate "2011.07.03"]

1. e4 e5 2. Nf3 Nc6 3. Bb5 Nf6 4. O-O Nxe4 5. d4 Nd6 6. Bxc6 dxc6 7. dxe5 Nf5
8. Qxd8+ Kxd8 9. Nc3 Ke8 10. h3 h5 11. b3 a5 12. Bb2 Bb4 13. Ne4 a4 14. a3 Be7
15. b4 Be6 16. g3 c5 17. bxc5 Bd5 18. Nfg5 Bxg5 19. Nxg5 Ra5 20. Rad1 Rxc5 21.
Rd2 c6 22. Re1 Rc4 23. Kh2 Rh6 24. h4 Rg6 25. Kh3 Kf8 26. Ree2 b5 27. Rd3 Ke7
28. f3 Kd7 29. c3 Kc8 30. Bc1 f6 31. exf6 gxf6 32. Ne4 Rxg3+ 33. Nxg3 Rxh4+ 34.
Kg2 Rg4 35. Bf4 Rxf4 36. Nxf5 Rxf5 37. Re7 Kd8 38. Rh7 Ke8 39. Kg3 Bf7 40. Rd6
h4+ 41. Kg4 Rg5+ 42. Kf4 Rc5 43. Rxf6 Bd5 44. Ke5 Bxf3+ 45. Ke6 Bg4+ 46. Kd6
Rd5+ 47. Kxc6 Rd3 48. Rg6 Bd7+ 49. Kb6 Kf8 50. Rgg7 Bf5 51. Rf7+ Kg8 52. Rhg7+
Kh8 53. Rg5 Bd7 54. Rf4 Rh3 55. Kc7 Be6 56. Kd6 Bc4 57. Rfg4 1-0

[Event "World Team Championship"]
[Site "Ningbo CHN"]
[Date "2011.07.17"]
[Round "1"]
[White "Kamsky, Gata"]
[Black "Karjakin, Sergey"]
[Result "1/2-1/2"]
[WhiteElo "2741"]
[BlackElo "2788"]
[PlyCount "45"]
[EventDate "2011.07.17"]

1. e4 e5 2. Nf3 Nc6 3. Bb5 Nf6 4. d3 Bc5 5. O-O d6 6. Be3 Bb6 7. c4 O-O 8. Bxc6
bxc6 9. c5 Bxc5 10. Bxc5 dxc5 11. Qc2 Qd6 12. Na3 Be6 13. Nc4 Bxc4 14. Qxc4
Rfb8 15. Qc3 Nd7 16. Rac1 a5 17. Rc2 a4 18. Rd1 Rb5 19. h4 h5 20. Ng5 Nb6 21.
Nf3 Nd7 22. Ng5 Nb6 23. Nf3 1/2-1/2

[Event "World Team Championship"]
[Site "Ningbo CHN"]
[Date "2011.07.17"]
[Round "1"]
[White "Nepomniachtchi, Ian"]
[Black "Onischuk, Alexander"]
[Result "1-0"]
[WhiteElo "2711"]
[BlackElo "2675"]
[PlyCount "73"]
[EventDate "2011.07.17"]

1. e4 e5 2. Nf3 Nc6 3. d4 exd4 4. Nxd4 Nf6 5. Nxc6 bxc6 6. e5 Qe7 7. Qe2 Nd5 8.
c4 Nb6 9. b3 a5 10. Bb2 a4 11. Qe3 axb3 12. axb3 Rxa1 13. Bxa1 d5 14. Be2 Qc5
15. Qc3 Qb4 16. O-O Qxc3 17. Bxc3 Be6 18. Nd2 Be7 19. f4 f5 20. exf6 gxf6 21.
Re1 Kd7 22. Bd3 h5 23. Bd4 c5 24. Bf2 d4 25. Bh4 Rf8 26. Ne4 Nc8 27. Bc2 Na7
28. Ng3 Nc6 29. Nxh5 f5 30. Bxe7 Nxe7 31. Ng7 Bg8 32. h4 Rf7 33. Ne6 Kd6 34. b4
cxb4 35. c5+ Kd7 36. Nxd4 Rf8 37. Rd1 1-0

[Event "World Team Championship"]
[Site "Ningbo CHN"]
[Date "2011.07.17"]
[Round "1"]
[White "Vitiugov, Nikita"]
[Black "Hess, Robert"]
[Result "1-0"]
[WhiteElo "2733"]
[BlackElo "2609"]
[PlyCount "45"]
[EventDate "2011.07.17"]

1. d4 Nf6 2. c4 e6 3. Nc3 Bb4 4. Nf3 b6 5. Bg5 Bb7 6. Nd2 h6 7. Bh4 c5 8. d5
exd5 9. cxd5 O-O 10. e4 Re8 11. Be2 d6 12. O-O Nbd7 13. f3 Qe7 14. Bb5 Rf8 15.
Nc4 Rad8 16. Ne3 Bxc3 17. bxc3 Qe5 18. Rc1 g6 19. Re1 Kg7 20. Qa4 Qh5 21. Bg3
a6 22. Be2 b5 23. Qd1 1-0

[Event "World Team Championship"]
[Site "Ningbo CHN"]
[Date "2011.07.17"]
[Round "1"]
[White "Aronian, Levon"]
[Black "Sutovsky, Emil"]
[Result "1-0"]
[WhiteElo "2805"]
[BlackElo "2700"]
[PlyCount "75"]
[EventDate "2011.07.17"]

1. d4 Nf6 2. c4 g6 3. Nf3 Bg7 4. Nc3 d5 5. cxd5 Nxd5 6. e4 Nxc3 7. bxc3 c5 8.
Be3 Qa5 9. Nd2 cxd4 10. Nc4 dxe3 11. Nxa5 Bxc3+ 12. Ke2 Bxa5 13. Kxe3 O-O 14.
Bb5 a6 15. Ba4 b5 16. Qd5 Ra7 17. Bb3 Bg4 18. Qg5 Bb6+ 19. Kf4 Be6 20. Bxe6
fxe6+ 21. Kg3 Nc6 22. Kh3 Nd4 23. Rhd1 Rc7 24. Rac1 Rxc1 25. Rxc1 Ne2 26. Qe5
Bd4 27. Qxe6+ Rf7 28. Rc8+ Kg7 29. g3 Ng1+ 30. Kg2 Rxf2+ 31. Kh1 Nf3 32. Qxe7+
Kh6 33. Qf8+ Kh5 34. Rc5+ Ng5 35. Rxg5+ Kxg5 36. Qd8+ Bf6 37. Qd3 Kg4 38. Qe3
1-0

[Event "World Team Championship"]
[Site "Ningbo CHN"]
[Date "2011.07.17"]
[Round "1"]
[White "Roiz, Michael"]
[Black "Movsesian, Sergei"]
[Result "1/2-1/2"]
[WhiteElo "2669"]
[BlackElo "2700"]
[PlyCount "69"]
[EventDate "2011.07.17"]

1. d4 Nf6 2. c4 e6 3. Nc3 Bb4 4. Qc2 O-O 5. a3 Bxc3+ 6. Qxc3 d5 7. Nf3 dxc4 8.
Qxc4 b6 9. Bg5 Bb7 10. Rc1 c5 11. dxc5 Bd5 12. Qf4 bxc5 13. e4 Bb7 14. e5 Nd5
15. Qh4 Qa5+ 16. Bd2 Qd8 17. Bg5 Qa5+ 18. Bd2 Qd8 19. Qe4 Qd7 20. Bd3 f5 21.
exf6 Nxf6 22. Qe2 Bxf3 23. Qxf3 Nc6 24. Bc3 Nd4 25. Bxd4 cxd4 26. O-O Rac8 27.
Qe2 Qd6 28. Bc4 Rc6 29. Rfe1 Re8 30. Bb5 Rxc1 31. Rxc1 Re7 32. g3 Kf7 33. Bc4
g6 34. Re1 Nd7 35. h4 1/2-1/2

[Event "World Team Championship"]
[Site "Ningbo CHN"]
[Date "2011.07.17"]
[Round "1"]
[White "Efimenko, Zahar"]
[Black "Amin, Bassem"]
[Result "1/2-1/2"]
[WhiteElo "2706"]
[BlackElo "2609"]
[PlyCount "156"]
[EventDate "2011.07.17"]

1. e4 e5 2. Nf3 Nc6 3. Bb5 a6 4. Ba4 Nf6 5. d3 d6 6. c3 g6 7. O-O Bg7 8. Re1
O-O 9. Nbd2 Bd7 10. Nf1 Qe8 11. Ng3 Kh8 12. Bc2 Ng8 13. d4 Bg4 14. d5 Nce7 15.
c4 f5 16. exf5 gxf5 17. h3 Bxf3 18. Qxf3 e4 19. Qb3 b5 20. cxb5 Qxb5 21. Qxb5
axb5 22. Bb3 Be5 23. Ne2 Nf6 24. Rd1 Rg8 25. Kf1 Nd7 26. Rb1 Nc5 27. Be3 Nd3
28. Bd4 Rg6 29. Bc2 Nb4 30. Bb3 Nd3 31. Bc2 Bxd4 32. Nxd4 Nf4 33. g3 Nxh3 34.
Ke2 Rxa2 35. Bb3 Ra7 36. Ke3 Kg7 37. Ra1 Rb7 38. Ra8 Ng5 39. Rh1 Nf3 40. Ne6+
Rxe6 41. dxe6 Ne5 42. Rd8 Rb6 43. Re8 N5g6 44. g4 d5 45. gxf5 Nxf5+ 46. Kd2 Rd6
47. Bd1 Nfe7 48. Bg4 d4 49. Rh5 Nd5 50. Rc8 Nge7 51. Re8 Ng6 52. Rc8 e3+ 53.
fxe3 dxe3+ 54. Ke1 Nge7 55. Re8 Ng6 56. Rc8 Nge7 57. Re8 Rc6 58. Kd1 Kg6 59.
Re5 Rc4 60. Bf3 Rd4+ 61. Ke1 Kf6 62. Re4 Rxe4 63. Bxe4 c6 64. Ke2 h5 65. Kf3
Ke5 66. Bxd5 Nxd5 67. e7 Ke6 68. Rh8 Kxe7 69. Rxh5 Kd6 70. Rh6+ Kc5 71. Ke2 Nb6
72. b4+ Kxb4 73. Rxc6 Nc4 74. Rc8 Kc3 75. Rd8 b4 76. Rd3+ Kc2 77. Rd4 Kc3 78.
Rd3+ Kc2 1/2-1/2